岐阜県の高校 - Statistics

General Stats
  • This quiz has been taken 34 times
  • The average score is 37 of 83
Answer Stats
所在地 Answer % Correct
旧岐阜学区 岐阜高校
100%
旧東濃学区 多治見高校
89%
旧岐阜学区 岐阜北高校
81%
旧岐阜学区 県立岐阜商業高校
81%
旧岐阜学区 市立岐阜商業高校
81%
旧美濃学区 関高校
81%
旧東濃学区 中津高校
78%
旧岐阜学区 岐阜工業高校
74%
旧西濃学区 大垣北高校
74%
旧西濃学区 大垣東高校
74%
旧岐阜学区 各務原高校
70%
旧西濃学区 大垣西高校
70%
旧可茂学区 可児高校
70%
旧東濃学区 恵那高校
70%
旧岐阜学区 岐阜東高校
67%
旧西濃学区 大垣南高校
67%
旧西濃学区 大垣商業高校
67%
旧西濃学区 大垣工業高校
67%
旧可茂学区 加茂高校
67%
旧岐阜学区 長良高校
63%
旧岐阜学区 羽島高校
63%
旧西濃学区 大垣日本大学高校
63%
旧東濃学区 多治見北高校
63%
旧岐阜学区 加納高校
59%
旧美濃学区 郡上高校
59%
旧可茂学区 美濃加茂高校
59%
旧岐阜学区 山県高校
56%
旧可茂学区 東濃高校
56%
旧東濃学区 瑞浪高校
56%
旧岐阜学区 岐南工業高校
52%
旧美濃学区 関商工高校
52%
旧東濃学区 多治見西高校
52%
旧岐阜学区 岐山高校
48%
旧岐阜学区 各務原西高校
48%
旧西濃学区 池田高校
48%
旧可茂学区 帝京大学可児高校
48%
旧可茂学区 八百津高校
48%
旧飛騨学区 高山西高校
48%
旧西濃学区 揖斐高校
44%
旧東濃学区 中京高校
44%
旧飛騨学区 斐太高校
44%
旧岐阜学区 本巣松陽高校
41%
旧岐阜学区 岐阜第一高校
41%
旧飛騨学区 飛騨高山高校
41%
旧岐阜学区 岐阜総合学園高校
37%
旧岐阜学区 岐阜城北高校
37%
旧岐阜学区 鶯谷高校
37%
旧岐阜学区 岐阜農林高校
37%
旧東濃学区 多治見工業高校
37%
旧岐阜学区 羽島北高校
33%
旧岐阜学区 岐阜各務野高校
33%
旧西濃学区 海津明誠高校
33%
旧可茂学区 可児工業高校
33%
旧東濃学区 土岐商業高校
33%
旧東濃学区 中津商業高校
33%
旧岐阜学区 華陽フロンティア高校
30%
旧岐阜学区 済美高校
30%
旧岐阜学区 岐阜女子高校
30%
旧西濃学区 大垣桜高校
30%
旧西濃学区 不破高校
30%
旧美濃学区 郡上北高校
30%
旧飛騨学区 高山工業高校
30%
旧岐阜学区 富田高校
26%
旧岐阜学区 岐阜聖徳学園高校
26%
旧可茂学区 加茂農林高校
26%
旧可茂学区 東濃実業高校
26%
旧東濃学区 東濃フロンティア高校
26%
旧東濃学区 中津川工業高校
26%
旧飛騨学区 飛騨神岡高校
26%
旧飛騨学区 吉城高校
26%
旧飛騨学区 益田清風高校
26%
旧美濃学区 武義高校
22%
旧東濃学区 土岐紅陵高校
22%
旧東濃学区 恵那南高校
22%
旧西濃学区 大垣養老高校
19%
旧東濃学区 麗澤瑞浪高校
19%
旧岐阜学区 城南高校
15%
旧岐阜学区 ぎふ国際高校
15%
旧美濃学区 関有知高校
15%
旧東濃学区 坂下高校
15%
旧東濃学区 恵那農業高校
11%
旧東濃学区 阿木高校
11%
旧岐阜学区 聖マリア女学院高校
7%
No matching quizzes found
Score Distribution
Percent of People with Each Score
Percentile by Number Answered
Your Score History
You have not taken this quiz